Seattle Seahawks Trivia - Statistics

General Stats
  • This quiz has been taken 5,304 times
    623 since last reset
  • The average score is 12 of 17
Answer Stats
Hint Answer % Correct
Quarterback who led the team to a Super Bowl victory in 2013 Russell Wilson
99%
Nickname of Seattle's dominant secondary during their Super Bowl run Legion of {Boom}
97%
Coach of the Seahawks from 2010–2023 Pete Carroll
94%
Team who the Seahawks demolished in that Super Bowl by a score of 43-8 Denver Broncos
93%
Player who led the NFL in receiving yards in 2025 Jaxon Smith-Njigba
91%
Marshawn Lynch's nickname Beast Mode
90%
Nickname of the Seahawks fanbase The {12th} Man
88%
Outspoken cornerback who ranted to Erin Andrews saying "when you try me with a sorry receiver like Crabtree, that's the result you're going to get" Richard Sherman
82%
Seahawk who was once the NFL's all-time leader in receiving yards Steve Largent
69%
MVP player who rushed for 27 touchdowns in 2005 Shaun Alexander
68%
Quarterback of that team Matt Hasselbeck
67%
Safety who was named to six Pro Bowls during the 2010s but gave the team the middle finger in his last game Earl Thomas
63%
Last name of brothers Shaquem and Shaquill Griffin
62%
Legendary receiver who played his 20th and final season with the Seahawks in 2004 Jerry Rice
62%
The Seahawks' stadium from 1976–1999 Kingdome
43%
Coach who led the Seahawks to the Super Bowl in 2005 Mike Holmgren
32%
Linebacker who supposedly got "run over" by Bo Jackson on Monday Night Football Brian Bosworth
24%
No matching quizzes found
Score Distribution
Percent of People with Each Score
Percentile by Number Answered
Your Score History
You have not taken this quiz since the last reset